Vista normal
Vista MARC
Entrada Personal Name
Número de registros utilizados en: 2
001 - CONTROL NUMBER
- control field: 5763
003 - CONTROL NUMBER IDENTIFIER
- control field: OSt
005 - DATE AND TIME OF LATEST TRANSACTION
- control field: 20180716124141.0
008 - FIXED-LENGTH DATA ELEMENTS
- fixed length control field: 170922 a|ac|n|aab||||||||||||a |n|||||||
040 ## - CATALOGING SOURCE
- Original cataloging agency: VIAF
- Language of cataloging: spa
- Description conventions: rda
- Transcribing agency: Mx-PuUPA
- Modifying agency: VIAF
100 1# - HEADING--PERSONAL NAME
- Personal name: Berlo, David K.,
- Dates associated with a name: 1929-
375 ## - GENDER
- Gender: hombre
377 ## - ASSOCIATED LANGUAGE
- Language code: spa
400 1# - SEE FROM TRACING--PERSONAL NAME
- Personal name: Berlo, David Kenneth,
- Dates associated with a name: 1929-
670 ## - SOURCE DATA FOUND
- Source citation: El proceso de la comunicación, 1993:
- Information found: portada (David K. Berlo)
670 ## - SOURCE DATA FOUND
- Source citation: Traspaso PUC
024 7# - OTHER STANDARD IDENTIFIER
- Standard number or code: 3714965
- Source of number or code: VIAF
- Linkage: viaf.org/viaf/3714965